| 000 | 00503cam a2200133 4500500 | ||
|---|---|---|---|
| 005 | 20251228141627.0 | ||
| 041 | _afre | ||
| 042 | _adc | ||
| 100 | 1 | 0 |
_aGuezennec, Jean _eauthor |
| 700 | 1 | 0 |
_aMonsan, Pierre _eauthor |
| 245 | 0 | 0 | _aBiotech pour les systèmes agricoles et alimentaires |
| 260 |
_bTechniques de l'ingénieur,
_c2025. |
||
| 856 | 4 | 1 | _uhttps://stm.cairn.info/techniques-de-l-ingenieur-biotech-pour-les-systemes-agricoles-et-alimentaires--42700210?lang=fr&redirect-ssocas=7080 |
| 999 |
_c1607625 _d1607625 |
||